Príspevok na zamestnávanie mladých
Vláda SR sa rôznymi príspevkami snaží motivovať a pomôcť zamestnávateľom, ktorí sa rozhodnú zamestnať občana do 29 rokov. Ktorému zamestnávateľovi sa poskytuje príspevok, aká je mesačná výška príspevku.
Salvato in:
| Autore principale: | |
|---|---|
| Natura: | Capitolo di libro |
| Lingua: | slovacco |
| Soggetti: | |
| Tags: |
Nessun Tag, puoi essere il primo ad aggiungerne!!
|
MARC
| LEADER | 00000naa a2200000 4500 | ||
|---|---|---|---|
| 001 | 0222522 | ||
| 005 | 20231120140001.9 | ||
| 041 | 0 | |a slo | |
| 044 | |a SK | ||
| 245 | 1 | 0 | |a Príspevok na zamestnávanie mladých |c Martina Kovalčíková |
| 520 | |a Vláda SR sa rôznymi príspevkami snaží motivovať a pomôcť zamestnávateľom, ktorí sa rozhodnú zamestnať občana do 29 rokov. Ktorému zamestnávateľovi sa poskytuje príspevok, aká je mesačná výška príspevku. | ||
| 610 | 2 | 0 | |a podnik |
| 610 | 2 | 0 | |a miesta pracovné |
| 610 | 2 | 0 | |a príspevky štátne |
| 610 | 2 | 0 | |a pracovníci mladí |
| 610 | 2 | 0 | |a vznik pomeru pracovného |
| 100 | 1 | |a Kovalčíková, Martina | |